History of Japan : Compiled from the records of the English East India Company at the instance of the Court of Directors, by Peter Pratt, 1822. Edited by M. Paske-Smith.

Spremljeno u:
Bibliografski detalji
Glavni autor: Pratt, Peter
Format: Knjiga
Jezik:Undetermined
Izdano: London,New York, Curzon Press,Barnes & Noble 1972
Teme:
Oznake: Dodaj oznaku
Bez oznaka, Budi prvi tko označuje ovaj zapis!
Thư viện lưu trữ: Trung tâm Học liệu Trường Đại học Cần Thơ
LEADER 00783nam a2200229Ia 4500
001 CTU_115332
008 210402s9999 xx 000 0 und d
082 |a 915.2032508 
082 |b P913/Vol.I 
100 |a Pratt, Peter 
245 0 |a History of Japan : 
245 0 |b Compiled from the records of the English East India Company at the instance of the Court of Directors, by Peter Pratt, 1822. Edited by M. Paske-Smith. 
245 0 |c Peter Pratt 
260 |a London,New York, 
260 |b Curzon Press,Barnes & Noble 
260 |c 1972 
650 |a Great britain,Japan,Japan 
650 |x Commerce,Commerce,History 
650 |y Tokugawa period, 1600-1868. 
650 |z Japan,Great britain 
904 |i Năm 
980 |a Trung tâm Học liệu Trường Đại học Cần Thơ